00791nam a2200289 b 45000010008000000030009000080050017000170070008000340080023000420170009000650200015000740350006000890400025000950820028001201000032001482450070001802460019002502600034002693000018003034900031003214900013003525000043003655000006004086500039004146500023004536500025004760000601DO-SdBNP20230515104921.000006010506171998 mx spa  a b  a9681903811 a  aBPMSUbspacBPMSUe  4aU861.44bB462i 20002221 aBenedetti, Mariod1920-200910aInventario :bpoesía completa (1986-1991) /cMario Benedettih 12aInventario dos aMéxico :bAlfaguara, c2000 av p. ;c19 cm0 aBiblioteca Mario Benedetti1 aBolsillo aIncluye datos biográficos del autor. a  4aPoesía uruguaya xVida cotidiana 4a Poesía amorosa  4aLiteratura uruguaya